000 00719nam a2200193 a 4500
001 000012715
005 20200929163048.0
008 091116s1989 dr a 000 0 spa d
040 _aDO-SdBNP
_bspa
_cBNPHU
082 _axxxx
_bR558t
100 1 _aRiera Llorca, Vicenc,
_d1903-
_929483
245 1 4 _aLos tres salen por el Ozama /
_cVicenc Riera Llorca ; traducción Procoro Hernández.
260 _aSanto Domingo :
_bFundación Cultural Dominicana,
_c1989.
300 _a208 p. :
_bil. ;
_c22 cm.
500 _aIncluye datos biográficos del autor en la contracubierta
590 _aPerteneció a la biblioteca personal de Juan Isidro Jimenes Grullón.
700 1 _aHernández, Procoro,
_etr.
_929484
049 _aBNPD
999 _c12366
_d12366